000 00711nam a2200193 4500
999 _c6598
_d6598
008 170421b xxu||||| |||| 00| 0 eng d
022 _a0091-4169
082 _aDPer 364.05 J82 2014 v. 104, n. 2
245 _aExpungement and post- exoneration offending/
_cAmy Shlosberg and three others.
260 _aEvanston:
_bNorthwestern University Press,
_c©2014.
300 _av104 n2, pages 353-388;
_c25 cm.
500 _aThe Journal of criminal law and criminology.
650 0 _919989
_aCriminals
700 _919984
_aShlosberg, Amy.
_eAuthor
700 _919985
_aMandery, Evan J.
_eAuthor
700 _919986
_aWest, Valerie
_eAuthor
700 _919987
_aCallaghan, Bennett.
_eAuthor
942 _2ddc
_cPER